000 00589nam a2200205Ia 4500
005 20220923144048.0
008 131103s9999 xx 000 0 und d
020 _cRs.25
040 _aLoreto College
041 _aEnglish
082 _a954.02
_bNIJ
100 _aNijjaar,Bakhsish Singh
245 _aPanjab under the sultans (1000 - 1526)
_cBakhshish Singh Nijjar
260 _aDelhi
_bSterling Publishers Pvt. Ltd.
_c1968
300 _axiii,253 p.
_b maps
504 _aIncludes index and bibliographical references
650 _aMedieval History
850 _aLCLIB
942 _cBK
999 _c9471
_d59950